[Event "Challenge"]
[Site "http://www.queenalice.com/game.php?id=64284"]
[Date "2006.4.19"]
[Round "-"]
[White "jerome"]
[Black "TigraoSC"]
[Result "0-1"]
[WhiteElo "1465"]
[BlackElo "1356"]

1. e4 Nf6 2. Nc3 Nc6 3. Nf3 e5 4. d4 d6 5. d5 b6 6. h3 Be7 7. Be3 O-O 8. Be2 Nh5
9. g4 Nf4 10. Bxf4 exf4 0-1

[Event "AUTO-OPEN-266"]
[Site "http://www.queenalice.com/game.php?id=68049"]
[Date "2006.5.9"]
[Round "1"]
[White "Cesar"]
[Black "jerome"]
[Result "1-0"]
[WhiteElo "1760"]
[BlackElo "1476"]

1. e4 e5 2. Nf3 Nc6 3. Bc4 Nf6 4. Qe2 d6 5. Nc3 Nd4 6. Nxd4 exd4 7. Nd5 c5 8. d3
Nxd5 9. Bxd5 g6 10. Bf4 Qa5+ 11. Bd2 Qa4 12. Qf3 Qxc2 13. Qxf7+ Kd8 14. Bg5+ Be7
15. Qxe7# 1-0

[Event "AUTO-OPEN-266"]
[Site "http://www.queenalice.com/game.php?id=68050"]
[Date "2006.5.9"]
[Round "1"]
[White "jerome"]
[Black "Cesar"]
[Result "0-1"]
[WhiteElo "1477"]
[BlackElo "1611"]

1. e4 g6 2. d4 c5 3. dxc5 Qa5+ 4. Bd2 Qxc5 5. Nc3 Bg7 6. Nf3 Nf6 7. h3 Nc6 8.
Be3 Qb4 9. a3 Qxb2 10. Nb5 Kd8 11. Bd3 Ne8 12. Rb1 Qf6 13. g4 Nc7 14. Nxc7 Kxc7
15. O-O d6 16. g5 Qe6 17. Bd4 Bxd4 18. Nxd4 Nxd4 19. c3 Nc6 20. f3 Qxh3 21. c4
h6 22. Kf2 Qh4+ 23. Ke2 Nd4+ 24. Ke3 e5 25. gxh6 Rxh6 26. Rc1 Qg5+ 27. Kf2 Rh2+
28. Ke1 Qe3+ 0-1

[Event "AUTO-OPEN-266"]
[Site "http://www.queenalice.com/game.php?id=68071"]
[Date "2006.5.9"]
[Round "1"]
[White "Edgar"]
[Black "jerome"]
[Result "1-0"]
[WhiteElo "1950"]
[BlackElo "1488"]

1. e4 e5 2. Nf3 Nc6 3. d4 exd4 4. Nxd4 d6 5. Nxc6 bxc6 6. Be2 Nf6 7. Nc3 Be7 8.
O-O O-O 9. a3 c5 10. Bd3 Bb7 11. f3 d5 12. exd5 Nxd5 13. Ne4 f6 14. c4 Nf4 15.
Bxf4 Qd4+ 16. Rf2 Rfe8 17. Bxc7 Rac8 18. Ba5 Red8 19. Bxd8 Rxd8 20. Bc2 Qxb2 21.
Rd2 Rxd2 22. Nxd2 Qd4+ 23. Kh1 g5 24. Rb1 Bc6 25. Qe1 Kf7 26. Bxh7 Qd3 27. Bxd3
1-0

[Event "AUTO-OPEN-266"]
[Site "http://www.queenalice.com/game.php?id=68072"]
[Date "2006.5.9"]
[Round "1"]
[White "jerome"]
[Black "Edgar"]
[Result "0-1"]
[WhiteElo "1478"]
[BlackElo "1974"]

1. e4 e5 2. Nf3 Nc6 3. c3 Nf6 4. d3 d5 5. Nbd2 dxe4 6. dxe4 a6 7. b4 Bd6 8. g3
O-O 9. Nc4 Nxe4 10. Nxd6 cxd6 11. Qd3 Bf5 12. Nh4 Qf6 13. Nxf5 Qxf5 14. Be3 Rad8
15. Be2 Ne7 16. O-O Qg6 17. Bf3 d5 18. Qd1 Ng5 19. Bg4 Ne4 20. Qf3 Nd2 21. Bxd2
d4 22. cxd4 e4 23. Qf4 Rxd4 24. Rae1 Nd5 25. Bf5 Nxf4 26. Bxg6 Nxg6 27. Rd1 Rfd8
28. Kg2 Rxd2 29. Rxd2 Rxd2 30. Kh3 Rxa2 31. Re1 f5 0-1

[Event "AUTO-OPEN-266"]
[Site "http://www.queenalice.com/game.php?id=68083"]
[Date "2006.5.9"]
[Round "1"]
[White "mosca"]
[Black "jerome"]
[Result "0-1"]
[WhiteElo "953"]
[BlackElo "1484"]

1. e4 e5 2. d3 Nf6 3. Bg5 Nc6 4. c4 h6 5. Be3 d6 6. Na3 b6 7. Nf3 Ng4 8. Qa4 Bd7
9. d4 exd4 10. Bxd4 Nxd4 11. Nxd4 Bxa4 12. h3 Qh4 13. b3 Qxf2+ 14. Kd1 Qxd4+ 15.
Kc2 Qxa1 16. hxg4 Qxa2+ 17. Kc3 Qxb3+ 18. Kd4 Qxa3 19. Be2 Qc5+ 20. Kc3 d5 21.
Rh5 Qb4+ 22. Kd4 Bc5+ 23. Ke5 dxc4 24. g5 Qc3+ 25. Kf5 g6+ 0-1

[Event "AUTO-OPEN-266"]
[Site "http://www.queenalice.com/game.php?id=68084"]
[Date "2006.5.9"]
[Round "1"]
[White "jerome"]
[Black "mosca"]
[Result "1-0"]
[WhiteElo "1486"]
[BlackElo "934"]

1. e4 d6 2. d4 e5 3. d5 Nh6 4. c4 Bg4 5. f3 Bh5 6. Nc3 Na6 7. Nge2 c5 8. Bxh6
gxh6 9. Qa4+ Qd7 10. Nb5 Nb4 11. g4 Bg6 12. Ng3 a6 13. Nc3 b5 14. Nxb5 Qb7 15.
Nxd6+ Kd8 16. Nxb7+ Kc7 17. Na5 Rb8 18. a3 Nxd5 19. Qc6+ Kd8 20. Qxd5+ Ke8 21.
Qxe5+ Kd7 22. Qxb8 f5 23. O-O-O+ Ke6 24. Qc8+ Kf7 25. exf5 Bxf5 26. Qxf5+ Kg8
27. Rd8 Kg7 28. Nh5+ 1-0

[Event "Let's Play Chess!"]
[Site "http://www.queenalice.com/game.php?id=68198"]
[Date "2006.5.10"]
[Round "-"]
[White "jerome"]
[Black "Nottolo"]
[Result "0-1"]
[WhiteElo "1478"]
[BlackElo "1325"]

1. e4 e5 2. Nf3 Bd6 3. d4 f6 4. d5 Ne7 5. c4 Bb4+ 6. Bd2 Na6 7. Bxb4 Nxb4 8. Nc3
c6 9. a3 Na6 10. Be2 Nc5 11. O-O Qc7 12. g3 cxd5 13. cxd5 d6 14. Nb5 Qb6 15. Qc2
O-O 16. Rab1 a6 17. b4 axb5 18. bxc5 dxc5 19. Rxb5 Qc7 20. Rxc5 Qd6 21. Nh4 Rxa3
22. Nf5 Bxf5 23. Rc1 Bd7 24. Kg2 Qb6 25. Qc4 Ng6 26. d6+ Kh8 27. Qd5 Qb3 28. Bc4
Qf3+ 29. Kg1 Bh3 30. Bf1 Qg4 31. Bxh3 Qxh3 32. Qxb7 h5 33. Qc7 Ra4 34. Re1 Kh7
35. Rb5 Nf4 36. gxf4 Qg4+ 37. Kf1 Qxf4 38. Rb7 Rg8 39. d7 Ra2 40. Re2 Rga8 41.
d8=Q Ra1+ 42. Qd1 Rxd1+ 43. Re1 Rxe1+ 44. Kxe1 Ra1+ 45. Ke2 Qxe4+ 46. Kd2 Qe1+
47. Kd3 Rd1+ 48. Kc4 Rc1+ 49. Kb5 Rxc7 0-1

[Event "AUTO-ADV-170"]
[Site "http://www.queenalice.com/game.php?id=68205"]
[Date "2006.5.10"]
[Round "1"]
[White "jerome"]
[Black "eduarmi"]
[Result "0-1"]
[WhiteElo "1492"]
[BlackElo "1696"]

1. e4 e5 2. Nf3 Nc6 3. d4 exd4 4. Nxd4 Nf6 5. e5 Qe7 6. Be2 Qxe5 7. Nf3 Qa5+ 8.
Nc3 Bc5 9. g3 Ne4 10. Be3 Bxe3 11. fxe3 Nxc3 12. Qd2 Nxe2 13. Kxe2 Qxd2+ 14.
Nxd2 O-O 15. Raf1 d5 16. c4 Bg4+ 17. Nf3 Ne5 18. h3 Bxf3+ 0-1

[Event "AUTO-ADV-170"]
[Site "http://www.queenalice.com/game.php?id=68206"]
[Date "2006.5.10"]
[Round "1"]
[White "eduarmi"]
[Black "jerome"]
[Result "1-0"]
[WhiteElo "1692"]
[BlackElo "1486"]

1. e4 e5 2. Nf3 d5 3. exd5 Qxd5 4. Nc3 Qe6 5. b3 Bd6 6. Bc4 Qe7 7. O-O Nc6 8.
Re1 f6 9. Nd5 Qd7 10. d4 Nxd4 11. Nxd4 Ne7 12. Nxe7 Qxe7 13. Nb5 a6 14. Nxd6+
cxd6 15. f4 Rf8 16. Ba3 b5 17. Bd5 Rb8 18. fxe5 fxe5 19. Qh5+ Kd8 20. Rad1 Qa7+
21. Kh1 Bb7 22. Bxb7 Qxb7 23. Rxd6+ Kc7 24. Qxe5 Rbd8 25. Rxd8+ Kxd8 26. Bxf8
1-0

[Event "AUTO-ADV-170"]
[Site "http://www.queenalice.com/game.php?id=68207"]
[Date "2006.5.10"]
[Round "1"]
[White "jerome"]
[Black "jaychess"]
[Result "0-1"]
[WhiteElo "1471"]
[BlackElo "1527"]

1. e4 e5 2. Nf3 Nc6 3. c4 Bc5 4. Nc3 Nf6 5. a3 Ng4 6. Qe2 Nxf2 7. Rg1 Ng4 8. Rh1
Nf2 9. Rg1 Ng4 10. h3 Bxg1 11. hxg4 Nd4 12. Nxd4 exd4 13. Nd5 Qh4+ 14. Kd1 O-O
15. Nxc7 Rb8 16. d3 Qg3 17. Bd2 Be3 18. Nb5 Bxd2 19. Kxd2 Qf4+ 20. Kd1 Qe3 21.
g5 Qxg5 22. Nxd4 d6 23. Rc1 Bg4 24. Nf3 Bxf3 25. gxf3 Rbc8 26. b3 Qa5 27. a4 Qb6
28. Rb1 Rc5 29. Bh3 Rh5 30. Bd7 Rh1+ 31. Kc2 Rxb1 32. Kxb1 Qxb3+ 33. Kc1 Rd8 34.
Bf5 Qxa4 0-1

[Event "AUTO-ADV-170"]
[Site "http://www.queenalice.com/game.php?id=68208"]
[Date "2006.5.10"]
[Round "1"]
[White "jaychess"]
[Black "jerome"]
[Result "0-1"]
[WhiteElo "1555"]
[BlackElo "1457"]

1. e4 e5 2. Bc4 c6 3. Nf3 Qe7 4. d4 exd4 5. Nxd4 Qxe4+ 6. Be3 Qxg2 7. Rf1 Qxh2
8. Qf3 Nh6 9. Rh1 Qe5 10. c3 b5 11. Bb3 d5 12. Nd2 Na6 13. Nxc6 Qe6 14. Nd4 Qg6
15. Bxd5 Rb8 16. Bc6+ Bd7 17. Bxd7+ Kxd7 18. Qd5+ Bd6 19. Qc6+ Ke7 20. Qxa6 Ng4
21. Qxa7+ Kd8 22. Nc6+ Kc8 23. Bf4 Re8+ 24. Kf1 Qd3+ 25. Kg2 Bxf4 26. f3 Re2+
27. Kh3 Nf2+ 28. Kg2 Ne4+ 29. Kh3 Nf2+ 30. Kg2 Rxd2 31. Rhe1 Ne4+ 32. Kg1 Rb7
33. Qa8+ Kc7 34. Rxe4 Be3+ 35. Rxe3 Qxe3+ 36. Kh1 Qxf3+ 0-1

[Event "AUTO-ADV-170"]
[Site "http://www.queenalice.com/game.php?id=68209"]
[Date "2006.5.10"]
[Round "1"]
[White "jerome"]
[Black "Hades"]
[Result "1-0"]
[WhiteElo "1466"]
[BlackElo "1565"]

1. e4 e5 2. Nf3 Nc6 3. d4 d6 4. d5 Nb8 5. c4 Nf6 6. Nc3 c6 7. dxc6 Nxc6 8. Bd3
Bg4 9. h3 Bxf3 10. Qxf3 Nd4 11. Qe3 Rc8 12. O-O Be7 13. g3 O-O 14. g4 b6 15. g5
Nh5 16. Nd5 Nf4 17. Nxf4 exf4 18. Qxd4 Bxg5 19. b3 Bf6 20. e5 Bxe5 21. Qe4 Bxa1
22. Bxf4 Bf6 23. Qxh7# 1-0

[Event "AUTO-ADV-170"]
[Site "http://www.queenalice.com/game.php?id=68210"]
[Date "2006.5.10"]
[Round "1"]
[White "Hades"]
[Black "jerome"]
[Result "1-0"]
[WhiteElo "1581"]
[BlackElo "1528"]

1. e4 e5 2. Nf3 Nc6 3. Bc4 a6 4. Nc3 b5 5. Bd5 Nf6 6. Bxc6 dxc6 7. Nxe5 Bd6 8.
Nxc6 Qd7 9. Nd4 O-O 10. O-O Re8 11. d3 Bb4 12. Be3 Bxc3 13. bxc3 Bb7 14. f3 g6
15. Rb1 Nd5 16. Qd2 Nxe3 17. Qxe3 c5 18. Ne2 c4 19. dxc4 bxc4 20. Rb4 Rac8 21.
Qd4 a5 22. Qxd7 axb4 23. Qxb7 bxc3 24. Nxc3 Rb8 25. Qd5 Rbc8 26. Rd1 1-0

[Event "AUTO-ADV-154"]
[Site "http://www.queenalice.com/game.php?id=75014"]
[Date "2006.6.8"]
[Round "2"]
[White "Fabio_Broa"]
[Black "jerome"]
[Result "0-1"]
[WhiteElo "1455"]
[BlackElo "1508"]

1. e4 e5 2. Nf3 f6 3. Bc4 Ne7 4. Nh4 c6 5. Nf5 Nxf5 6. exf5 d5 7. Be2 Bxf5 8. d3
d4 9. O-O Na6 10. Bg4 Bxg4 11. Qxg4 Qd5 12. c4 Qc5 13. f4 exf4 14. Re1+ Be7 15.
Qxg7 O-O-O 16. Rxe7 Rhg8 17. Qxf6 Nc7 18. Bxf4 Rgf8 0-1

[Event "AUTO-ADV-154"]
[Site "http://www.queenalice.com/game.php?id=75015"]
[Date "2006.6.8"]
[Round "2"]
[White "jerome"]
[Black "Fabio_Broa"]
[Result "1-0"]
[WhiteElo "1493"]
[BlackElo "1470"]

1. e4 e5 2. Nf3 d6 3. c3 Bg4 4. h3 Bxf3 5. Qxf3 Be7 6. Bc4 f6 7. Bxg8 Rxg8 8.
Na3 g6 9. d3 Nc6 10. Be3 Qd7 11. d4 exd4 12. cxd4 Nb4 13. O-O-O Nxa2+ 14. Kb1
Nb4 15. Rhe1 O-O-O 16. d5 Kb8 17. Rd4 c5 18. Rc4 1-0

[Event "AUTO-ADV-154"]
[Site "http://www.queenalice.com/game.php?id=75018"]
[Date "2006.6.8"]
[Round "2"]
[White "jerome"]
[Black "maxsource"]
[Result "0-1"]
[WhiteElo "1514"]
[BlackElo "1731"]

1. e4 e5 2. Nf3 Nc6 3. Nc3 Nf6 4. g3 d5 5. exd5 Nxd5 6. Nxd5 Qxd5 7. c4 Qe4+ 8.
Be2 Nd4 9. Qa4+ Bd7 10. Qa5 Qxe2# 0-1

[Event "AUTO-ADV-154"]
[Site "http://www.queenalice.com/game.php?id=75019"]
[Date "2006.6.8"]
[Round "2"]
[White "maxsource"]
[Black "jerome"]
[Result "0-1"]
[WhiteElo "1437"]
[BlackElo "1507"]

1. e4 e5 2. Nf3 f6 3. Nc3 Nh6 4. Bc4 Nc6 5. d4 exd4 6. Nxd4 Nxd4 7. Qxd4 d6 8.
Bxh6 gxh6 9. Nd5 c5 10. Qxf6 Qxf6 0-1